header

The Red Sea and adjacent countries at the close of the seventeenth century as described by Joseph Pitts, William Daniel, and Charles Jacques Poncet (Record no. 241650)

MARC details
000 -LEADER
fixed length control field 01422nam a2200325 a 4500
245 04 - TITLE STATEMENT
Title The Red Sea and adjacent countries at the close of the seventeenth century as described by Joseph Pitts, William Daniel, and Charles Jacques Poncet
260 ## - PUBLICATION, DISTRIBUTION, ETC. (IMPRINT)
Place of publication London :
Name of publisher Printed for the Hakluyt Society,
Year of publication 1949.
300 ## - PHYSICAL DESCRIPTION
Number of Pages xl, 192 p., 1 folded plate :
Other physical details 2 facsims., 2 maps.
490 1# - SERIES STATEMENT
Series statement Works issued by the Hakluyt Society ;
700 1# - ADDED ENTRY--PERSONAL NAME
Personal name Foster, William,
856 40 - ELECTRONIC LOCATION AND ACCESS
Uniform Resource Identifier http://site.ebrary.com/lib/rucke/Doc?id=10468690

No items available.

© 2026 Rongo University
Contact us: librarian | system librarian | Rongo university